Medical-Surgical Nursing : (Record no. 10851)
[ view plain ]
| 000 -LEADER | |
|---|---|
| fixed length control field | 01150cam a22003375a 4500 |
| 001 - CONTROL NUMBER | |
| control field | 15171035 |
| 005 - DATE AND TIME OF LATEST TRANSACTION | |
| control field | 20150825092547.0 |
| 008 - FIXED-LENGTH DATA ELEMENTS--GENERAL INFORMATION | |
| fixed length control field | 080206t2009 moua frb 001 0 eng d |
| 010 ## - LIBRARY OF CONGRESS CONTROL NUMBER | |
| LC control number | 2008922504 |
| 020 ## - INTERNATIONAL STANDARD BOOK NUMBER | |
| International Standard Book Number | 1416036415 |
| 020 ## - INTERNATIONAL STANDARD BOOK NUMBER | |
| International Standard Book Number | 9781416036418 (hardcover : alk. paper) |
| 040 ## - CATALOGING SOURCE | |
| Original cataloging agency | DLC |
| Transcribing agency | DLC |
| Modifying agency | DLC |
| Language of cataloging | eng |
| 050 00 - LIBRARY OF CONGRESS CALL NUMBER | |
| Classification number | RT41 |
| Item number | .L87 2008 |
| 082 00 - DEWEY DECIMAL CLASSIFICATION NUMBER | |
| Classification number | 617.0231 |
| Edition number | 22 |
| Item number | BLA |
| 100 1# - MAIN ENTRY--PERSONAL NAME | |
| Personal name | Black, Joyce M. |
| 9 (RLIN) | 20394 |
| 245 00 - TITLE STATEMENT | |
| Title | Medical-Surgical Nursing : |
| Remainder of title | Clinical Management for Positive Outcomes / |
| Statement of responsibility, etc | Joyce M. Black, Jane Hokanson Hawks. |
| 250 ## - EDITION STATEMENT | |
| Edition statement | 8th ed. |
| 260 ## - PUBLICATION, DISTRIBUTION, ETC. (IMPRINT) | |
| Place of publication, distribution, etc | St. Louis, Mo. : |
| Name of publisher, distributor, etc | Saunders/Elsevier Inc., |
| Date of publication, distribution, etc | c. 2009. |
| 300 ## - PHYSICAL DESCRIPTION | |
| Extent | (various pagings) : |
| Other physical details | ill. (some col.) ; |
| Dimensions | 29 cm. |
| 504 ## - BIBLIOGRAPHY, ETC. NOTE | |
| Bibliography, etc | Includes bibliographical references and index. |
| 590 ## - LOCAL NOTE (RLIN) | |
| Local note | Mohamed Hussein |
| 650 #0 - SUBJECT ADDED ENTRY--TOPICAL TERM | |
| Topical term or geographic name as entry element | Nursing. |
| 9 (RLIN) | 20391 |
| Source of heading or term | BUEsh |
| 650 #0 - SUBJECT ADDED ENTRY--TOPICAL TERM | |
| Topical term or geographic name as entry element | Surgical nursing. |
| 9 (RLIN) | 20392 |
| Source of heading or term | BUEsh |
| 650 #0 - SUBJECT ADDED ENTRY--TOPICAL TERM | |
| Topical term or geographic name as entry element | Psychophysiology. |
| 9 (RLIN) | 20393 |
| Source of heading or term | BUEsh |
| 651 ## - SUBJECT ADDED ENTRY--GEOGRAPHIC NAME | |
| Source of heading or term | BUEsh |
| 653 ## - INDEX TERM--UNCONTROLLED | |
| Resource For college | Nursing |
| Arrived date list | August2015 |
| 700 1# - ADDED ENTRY--PERSONAL NAME | |
| Personal name | Black, Joyce M. |
| 9 (RLIN) | 20394 |
| 700 1# - ADDED ENTRY--PERSONAL NAME | |
| Personal name | Hawks, Jane Hokanson. |
| 9 (RLIN) | 20395 |
| 942 ## - ADDED ENTRY ELEMENTS (KOHA) | |
| Source of classification or shelving scheme | Dewey Decimal Classification |
| Item type | Book - Borrowing |
| Withdrawn status | Item status | Source of classification or shelving scheme | Damaged status | Not for loan | Vendor | Home library | Current library | Shelving location | Date acquired | Source of acquisition | Cost, normal purchase price | Serial Enumeration / chronology | Total Checkouts | Total Renewals | Full call number | Barcode | Date last seen | Date last borrowed | Koha item type | Materials specified (bound volume or other part) |
|---|---|---|---|---|---|---|---|---|---|---|---|---|---|---|---|---|---|---|---|---|
| Dewey Decimal Classification | Alahram | Central Library | Central Library | First floor | 17/02/2009 | 714.00 | 379 | 35 | 7 | 617.0231 BLA | 000014819 | 15/07/2025 | 23/01/2014 | NB - Book (Non borrowing) | ||||||
| Lost | Dewey Decimal Classification | Iqraa | Central Library | Central Library | First floor | 18/02/2009 | 714.00 | 1403 | 40 | 133 | 617.0231 BLA | 000014836 | 24/08/2016 | 07/03/2016 | Book - Borrowing | Lost In Inventory 15-7-2025 | ||||
| Dewey Decimal Classification | Central Library | Central Library | First floor | 26/03/2009 | 714.00 | 14 | 617.0231 BLA | 000015490 | 24/08/2022 | 05/06/2014 | CD | DVD - With book | |||||||||
| Dewey Decimal Classification | Central Library | Central Library | First floor | 14/10/2010 | 714.00 | 5 | 617.0231 BLA | 000022396 | 24/08/2022 | 06/03/2012 | CD | DVD - With book |